01626nam a2200433 i 450000100060000000300080000600500170001400600190003100700150005000800410006502000180010603500230012403500240014703500250017103500210019604000310021705000220024808000080027008200170027810000280029524501330032326400500045630000410050633600310054733700330057833800430061150000230065458801270067759001590080465000160096365000150097965000230099465000250101765000250104265500270106779700190109485600620111399900170117526227FlNmELB20241216215902.0m o d | cr cnu||||||||151016s2009 ck o 001 0 spa d z9789581202607 a(MiAaPQ)EBC3199562 a(Au-PeEL)EBL3199562 a(CaPaEBR)ebr10565813 a(OCoLC)949152141 aFINmELBbspaerdacFINmELB 4aHD57.7bB272 2009 a6580 a658.40922231 aBarrera Duque, Ernesto.13aUn directivo bañado en oro :bun estilo humanístico y trascendente para la dirección y liderazgo /cErnesto Barrera Duque. 1aBogotá :bUniversidad de La Sabana,c[2009] a1 recurso en línea (215 páginas) atextobtxt2rdacontent/spa acomputadorabc2rdamedia/spa arecurso en líneabcr2rdacarrier/spa aContiene índice. aDescripción basada en recurso en línea; Título de la página del título en PDF (e-libro, visto October 16, 2015). aRecurso electronico. Santa Fe, Arg. : e-libro, 2014. Disponible via World Wide Web. El acceso puede ser limitado para las bibliotecas afiliadas a e-libro. 0aLeadership. 4aLiderazgo. 0aExecutive ability. 4aCapacidad ejecutiva. 0aSuccess in business. 4aLibros electrónicos.2 ae-libro, Corp.40uhttps://elibro.net/ereader/politecnicointernacional/68807 c26227d26227